عرض عادي عرض مارك
  • Psychotherapy

مدخل مصطلح موضوعي

عدد التسجيلات المستخدمة في: 1

001 - رقم الضبط

  • حقل الضبط: 5602

003 - معرف رقم الضبط

  • حقل الضبط: OSt

005 - تاريخ ووقت أخر عملية

  • حقل الضبط: 20111026163603.0

008 - عناصر بيانات ثابتة الطول

  • حقل تحكم ثابت الطول: 111026|||a|||||| | ||| d

040 ## - مصدر الفهرسة

  • هيئة الفهرسة الأصلية: OSt
  • وكالة الكتابة: OSt

150 ## - مدخل-- مصطلح تاريخي

  • عنصر مدخل المصطلح الموضوعي او الاسم الجغرافي: Psychotherapy
  • تفريع عام: nurses' instruction.

670 ## - بيانات المصدر موجوده

  • الاستشهاد بالمصدر: Work cat.: (OSt)750: Keltner, Norman L. 5599, Psychiatric nursing :, 2003